ਪੰਜਾਬ ਦੇ ਲੋਕ ਗੀਤ / (Record no. 109683)

MARC details
000 -LEADER
fixed length control field 00960nam a22002417a 4500
005 - DATE AND TIME OF LATEST TRANSACTION
control field 20170123164141.0
010 ## - LIBRARY OF CONGRESS CONTROL NUMBER
LC control number B-109361
020 ## - INTERNATIONAL STANDARD BOOK NUMBER
Terms of availability 100.00
035 ## - SYSTEM CONTROL NUMBER
System control number B-109361
040 ## - CATALOGING SOURCE
Original cataloging agency DPL
Language of cataloging PN
082 ## - DEWEY DECIMAL CLASSIFICATION NUMBER
Classification number 851
Item number ਗੁਲਾਟੀ
245 ## - TITLE STATEMENT
Title ਪੰਜਾਬ ਦੇ ਲੋਕ ਗੀਤ /
Statement of responsibility, etc ਸੰਕਲਨ ਸ਼ਕੁੰਤਲਾ ਗੁਲਾਟੀ
246 ## - VARYING FORM OF TITLE
Title proper/short title Punjab dey lok geet
Remainder of title compiled by shakuntala gulati
260 ## - PUBLICATION, DISTRIBUTION, ETC. (IMPRINT)
Place of publication, distribution, etc ਲੁਧਿਆਣਾ
Name of publisher, distributor, etc ਚੇਤਨਾ ਪ੍ਰਕਾਸ਼ਨ
270 ## - ADDRESS
Address ਪੰਜਾਬੀ ਭਵਨ,
City ਲੁਧਿਆਣਾ
300 ## - PHYSICAL DESCRIPTION
Extent 120p.
Dimensions 23cm(Hb)
650 ## - SUBJECT ADDED ENTRY--TOPICAL TERM
Topical term or geographic name as entry element ਪੰਜਾਬੀ ਸਾਹਿਤ-ਲੋਕ ਗੀਤ
9 (RLIN) 7774
650 ## - SUBJECT ADDED ENTRY--TOPICAL TERM
Topical term or geographic name as entry element ਪੰਜਾਬੀ ਸਾਹਿਤ
9 (RLIN) 779
650 ## - SUBJECT ADDED ENTRY--TOPICAL TERM
Topical term or geographic name as entry element Punjabi Literature-Folk songs
9 (RLIN) 7775
650 ## - SUBJECT ADDED ENTRY--TOPICAL TERM
Topical term or geographic name as entry element Punjabi Literature
9 (RLIN) 781
700 ## - ADDED ENTRY--PERSONAL NAME
Personal name ਗੁਲਾਟੀ, ਸ਼ਕੁੰਤਲਾ
9 (RLIN) 15968
942 ## - ADDED ENTRY ELEMENTS (KOHA)
Source of classification or shelving scheme Dewey Decimal Classification
Koha item type Punjabi Bks
Classification part 851
Call number suffix ਗੁਲਾਟੀ
Holdings
Withdrawn status Lost status Damaged status Not for loan Home library Current library Date acquired Source of acquisition Cost, normal purchase price Total Checkouts Full call number Barcode Date last seen Copy number Cost, replacement price Price effective from Koha item type
        Central Library Central Library 11/06/2015 Cen Lib/Ret 100.00   851 ਗੁਲਾਟੀ B-109361 11/06/2015 1 100.00 15/09/2016 Punjabi Bks

© Delhi Public Library
Hit Counter
free hit counter